Normal view
MARC view
- Moore, Christopher
Entry Personal Name
001 - CONTROL NUMBER
- control field: 40272
003 - CONTROL NUMBER IDENTIFIER
- control field: OSt
005 - DATE AND TIME OF LATEST TRANSACTION
- control field: 20191011085701.0
008 - FIXED-LENGTH DATA ELEMENTS
- fixed length control field: 191011|| aca||aabn | a|a d
040 ## - CATALOGING SOURCE
- Original cataloging agency: OSt
- Transcribing agency: OSt
100 ## - HEADING--PERSONAL NAME
- Personal name: Moore, Christopher
- Titles and other words associated with a name: (Professor)
- Relator term: author.
670 ## - SOURCE DATA FOUND
- Source citation: Work cat.: (OSt)0: Moore, Christopher (Professor) author., Teaching science thinking :, ©2019.
